000 00530nam a2200169 4500
003 SEACOMMC
005 20250508124912.0
008 250325b |||||||| |||| 00| 0 eng d
020 _a 978-81-272-4997-7
_cRs.75.00
040 _aSEACOMMC
082 _a 658.5
_bS 531
100 _aSharma, Gagan Deep
245 1 _aProduction Management : BBA 4th SEM WB University of Technology /
_cGagan Deep Sharma [and] Mandeep Mahendru
260 _a Kolkata
_b Kalyani Publishers
_c c2009
650 _a Production Management
942 _cBOOK
999 _c1146
_d1146